00587nam a2200133Ia 4500008004100000100002500041245016000066260002600226300001800252650001200270856007900282999001900361952007300380160712s9999 xx 000 0 und d aDavid, Carlos Primo. cCarlos Primo DavidaWhat does it take to finish your graduate degree?: Issues, Challenges and Recommendations to the UP College of Science Graduate Program c2011bScience Diliman avol. 23 no. 1 xSCIENCE uhttp://journals.upd.edu.ph/index.php/sciencediliman/issue/view/289/showToc c297641d297641 001040aCLbCLd2016-07-12l0r2016-07-12 00:00:00w2016-07-12yFEJ